Catálogo
 En Linea

Exposiciones temporales en el Museo Numismático y Filatélico, 2021-2022 (Registro nro. 52551)

Detalles MARC
000 -CABECERA
campo de control de longitud fija 01502nam a22002897a 4500
003 - IDENTIFICADOR DEL NÚMERO DE CONTROL
campo de control DO-SdBNP
005 - FECHA Y HORA DE LA ÚLTIMA TRANSACCIÓN
campo de control 20240312192125.0
007 - CAMPO FIJO DE DESCRIPCIÓN FÍSICA--INFORMACIÓN GENERAL
campo de control de longitud fija ta
008 - DATOS DE LONGITUD FIJA--INFORMACIÓN GENERAL
campo de control de longitud fija 210308b202220 a 00||||| |||| 00| 0 eng d
020 ## - NÚMERO INTERNACIONAL ESTÁNDAR DEL LIBRO
Número Internacional Estándar del Libro 9789945629156
040 ## - FUENTE DE LA CATALOGACIÓN
Centro catalogador/agencia de origen DO-SdBNP
Lengua de catalogación spa
Centro/agencia transcriptor BNPHU
082 #4 - NÚMERO DE LA CLASIFICACIÓN DECIMAL DEWEY
Número de clasificación 332.47293
Número de documento/Ítem B213e, 2022
Número de edición 22
110 2# - ENTRADA PRINCIPAL--NOMBRE DE ENTIDAD CORPORATIVA
Nombre de entidad corporativa o nombre de jurisdicción como elemento de entrada Banco Central de la República Dominicana.
Unidad subordinada Departamento Cultural
9 (RLIN) 7006
245 ## - MENCIÓN DE TÍTULO
Título Exposiciones temporales en el Museo Numismático y Filatélico, 2021-2022
260 ## - PUBLICACIÓN, DISTRIBUCIÓN, ETC.
Lugar de publicación, distribución, etc. Santo Domingo :
Nombre del editor, distribuidor, etc. Banco Central de la Repùblica Dominicana,
Fecha de publicación, distribución, etc. 2022
300 ## - DESCRIPCIÓN FÍSICA
Extensión 156 p. :
Otras características físicas il. ;
Dimensiones 23 cm
490 ## - MENCIÓN DE SERIE
Mención de serie Banco Central de la Repùblica Dominicana ;
Designación de volumen o secuencia Numismática y filatélica 19 ; 292
504 ## - NOTA DE BIBLIOGRAFÍA, ETC.
Nota de bibliografía, etc. Bibliografía: p. 235-236
505 ## - NOTA DE CONTENIDO CON FORMATO
Nota de contenido con formato Presentación 11 -- Monedas conmemorativas. Exploración de la Mina de Pueblo Viejo (1975) 15 -- Los deportes en la numismática dominicana 49 -- La cultura religiosa en la numismática y la filatelia dominicanas 91 -- Agradecimientos 133 -- Colección del Banco Central de la República Dominicana 135.
590 ## - NOTA LOCAL (RLIN)
Nota local Inventariado, 2021 / DG
610 20 - PUNTO DE ACCESO ADICIONAL DE MATERIA--NOMBRE DE ENTIDAD CORPORATIVA
Nombre de entidad corporativa o nombre de jurisdicción como elemento de entrada Museo Numismático y Filatélico del Banco Central (Banco Central de la República Dominicana)
9 (RLIN) 56846
650 #4 - PUNTO DE ACCESO ADICIONAL DE MATERIA--TÉRMINO DE MATERIA
Término de materia o nombre geográfico como elemento de entrada Numismática
Subdivisión geográfica República Dominicana
9 (RLIN) 73186
Subdivisión de forma Exposiciones
650 #4 - PUNTO DE ACCESO ADICIONAL DE MATERIA--TÉRMINO DE MATERIA
Término de materia o nombre geográfico como elemento de entrada Sellos postales
Subdivisión geográfica República Dominicana
9 (RLIN) 78027
Subdivisión de forma Exposiciones
830 ## - PUNTO DE ACCESO ADICIONAL DE SERIE-TÍTULO UNIFORME
Título uniforme Banco Central de la Repùblica Dominicana ;
Número de parte o sección de la obra Numismática y filatélica 19 ; 292
9 (RLIN) 79186
910 ## - DATOS DE OPCIÓN DEL USUARIO (OCLC)
Datos de opción del usuario DG
942 ## - ELEMENTOS DE PUNTO DE ACCESO ADICIONAL (KOHA)
Fuente del sistema de clasificación o colocación Dewey Decimal Classification
Tipo de ítem Koha Libro
Existencias
Estado de retiro Estado de pérdida Fuente del sistema de clasificación o colocación Restricciones de uso No para préstamo Código de colección Localización permanente Ubicación/localización actual Ubicación en estantería Fecha de adquisición Signatura topográfica completa Código de barras Fecha visto por última vez Precio válido a partir de Tipo de ítem Koha Número de copia Total de préstamos
    Dewey Decimal Classification Excluido de préstamo   Patrimonio Dominicano Biblioteca Nacional Pedro Henríquez Ureña Biblioteca Nacional Pedro Henríquez Ureña En catalogación 17.10.2022 BNPHU PD 332.47293 B213e, 2022 2022-4343 17.10.2022 17.10.2022 Libro    
    Dewey Decimal Classification Excluido de préstamo   Patrimonio Dominicano Biblioteca Nacional Pedro Henríquez Ureña Biblioteca Nacional Pedro Henríquez Ureña En catalogación 17.10.2022 BNPHU PD 332.47293 B213e, 2022 2022-4344 17.10.2022 17.10.2022 Libro e.2  
    Dewey Decimal Classification Préstamo en sala   Dominicana de Servicio Biblioteca Nacional Pedro Henríquez Ureña Biblioteca Nacional Pedro Henríquez Ureña En catalogación 17.10.2022 BNPHU DS 332.47293 B213e, 2022 2022-4348 17.10.2022 17.10.2022 Libro e.3  

Con tecnología Koha